Indian Financial Systems (Record no. 370839)

MARC details
000 -LEADER
fixed length control field 00449nam a22001817a 4500
005 - DATE AND TIME OF LATEST TRANSACTION
control field 20260331150329.0
008 - FIXED-LENGTH DATA ELEMENTS--GENERAL INFORMATION
fixed length control field 260331b |||||||| |||| 00| 0 eng d
020 ## - INTERNATIONAL STANDARD BOOK NUMBER
International Standard Book Number 9789357059596
041 ## - LANGUAGE CODE
Language code of text/sound track or separate title eng
082 ## - DEWEY DECIMAL CLASSIFICATION NUMBER
Classification number 658.15954
Item number PAT B22995
100 ## - MAIN ENTRY--PERSONAL NAME
Author Pathak B
245 ## - TITLE STATEMENT
Title Indian Financial Systems
250 ## - EDITION STATEMENT
Edition statement 6th Ed.
260 ## - PUBLICATION, DISTRIBUTION, ETC.
Place of publication, distribution, etc. Noida
Name of publisher, distributor, etc. Pearson India
Date of publication, distribution, etc. 2024
300 ## - PHYSICAL DESCRIPTION
Extent 1023p
500 ## - GENERAL NOTE
Keywords Indian Financial System
942 ## - ADDED ENTRY ELEMENTS (KOHA)
Koha item type Books
Holdings
Withdrawn status Lost status Source of classification or shelving scheme Damaged status Not for loan Home library Current library Date acquired Vendor Net Price Bill number Total Checkouts Full call number Barcode Date last seen Actual Price Bill Date Koha item type Original Barcode
    Dewey Decimal Classification     Smt. Hiraben Nanavati Institute of Management & Research for Women Smt. Hiraben Nanavati Institute of Management & Research for Women 11/02/2026 The Forward Books 900.00 25312   658.15954 PAT B22995 HIMR-BK-22995 31/03/2026 657.00 29/01/2026 Books B22995